| 000 | 01071cam a2200205 4500 | ||
|---|---|---|---|
| 008 | 030206n2003 000 0 eng u | ||
| 035 | _a(Sirsi) u121259 | ||
| 245 | _aBoost for Britain's parks | ||
| 260 | _c2003 | ||
| 490 |
_aODPM News Release _v(017) 5 February 2003, (3) |
||
| 520 | _aJohn Prescott announces a £201m boost for Britain's parks and open spaces. The funding is part of the Sustainable Communities plan and should enable people to have access to good quality public space. Also the Commission for Architecture and the Built Environment will receive £17.75 million over the next three years to set up the green spaces unit, CABE space. For the press release: http: //www.gnn.gov.uk/gnn/national.nsf/Daily+News/28C718F00C2F258680256CC40051C9D0?opendocument | ||
| 590 | _aWB | ||
| 650 | _aPARKLAND | ||
| 650 | _aOPEN SPACES | ||
| 650 | _aPUBLIC SPACE | ||
| 650 | _aSUSTAINABLE COMMUNITIES | ||
| 650 | _aCOMMISSION FOR ARCHITECTURE AND THE BUILT ENVIRONMENT | ||
| 690 | _aENVIRONMENTAL AND LAND CONSULTANCY-ENVIRONMENTAL MANAGEMENT | ||
| 942 | _n0 | ||
| 999 |
_c72069 _d72069 |
||